| 000 | 00434cam a2200181ua 4500 | ||
|---|---|---|---|
| 020 | _cRs 2.00 | ||
| 041 |
_ahin _h |
||
| 082 |
_a891.54 _bSHA/NI |
||
| 100 | _aShakespeare, William. | ||
| 245 |
_aNishphal prem / _cWilliam Shakespeare. _hTextual Documents |
||
| 250 |
_a2 / _b. |
||
| 260 |
_a : _bRajpal and Sanch , _c1962. |
||
| 300 | _a148 ; . | ||
| 365 | _aRs 2.00 | ||
| 504 | _a | ||
| 942 | _cBK | ||
| 999 |
_c3621 _d3621 |
||